『プロ野球戦力外通告 クビを宣告された男達』出演選手 - Statistics

General Stats
  • This quiz has been taken 9 times
  • The average score is 8 of 73
Answer Stats
放送 前所属 動向 Answer % Correct
2006 横浜 ヨーク(米独立) 田中一徳
44%
2010 ソフトバンク 引退 佐藤誠
44%
2025 広島 プラハ(チェコ) 宇草孔基
44%
2012 ロキテクノ ロッテ G.G.佐藤
44%
2005 ヤクルト 引退 山本樹
33%
2015 オリックス 引退 山本和作
33%
2023 広島 オイシックス 薮田和樹
33%
2025 ヤクルト 全府中(クラブチーム) 山本大貴
33%
2009 福岡(独立)(NPB最終:ソフトバンク) ロッテ 山田秋親
22%
2011 格闘家(NPB最終:オリックス) 格闘家を引退 古木克明
22%
2012 ロッテ オリックス 松本幸大
22%
2012 無所属(NPB最終:オリックス) ハワイ(米独立) 古木克明
22%
2016 ロッテ 引退 伊藤義弘
22%
2019 巨人 引退 森福允彦
22%
2020 巨人 引退 田原誠次
22%
2024 西武 メキシコシティ(メキシコ) 伊藤翔
22%
2025 ヤクルト 引退 北村拓己
22%
2004 巨人 楽天 野村克則
11%
2004 巨人 広島 福井敬治
11%
2005 阪神 横浜 佐久本昌広
11%
2006 日本ハム 日本ハム 坪井智哉
11%
2007 ロッテ 巨人 藤田宗一
11%
2007 西武 引退 柴田博之
11%
2008 巨人 鷺宮製作所(社会人) 三木均
11%
2008 横浜 引退 河野友軌
11%
2009 阪神 ロッテ 今岡誠
11%
2009 ソフトバンク ロッテ 的場直樹
11%
2009 オリックス 引退 山口和男
11%
2010 ソフトバンク 引退 吉川元浩
11%
2011 ソフトバンク 福井(独立) 大城祐二
11%
2012 楽天 引退 中村真人
11%
2013 巨人 引退 辻内崇伸
11%
2016 中日 引退 西川健太郎
11%
2017 楽天 武蔵(独立) 片山博視
11%
2019 栃木(独立)(NPB最終:中日) 栃木(独立) 若松駿太
11%
2021 ソフトバンク 引退 川原弘之
11%
2022 楽天 福島(独立) 福井優也
11%
2022 オリックス 引退 海田智行
11%
2023 火の国(独立)(NPB最終:ヤクルト) オイシックス 中山翔太
11%
2024 巨人 ミキハウス(社会人) 菊田拡和
11%
2024 大阪(独立)(NPB最終:楽天) 引退 菅原秀
11%
2004 オリックス 引退 川口知哉
0%
2004 巨人 引退 川本大輔
0%
2005 巨人 引退 條辺剛
0%
2005 ソフトバンク 引退 出口雄大
0%
2006 ソフトバンク 興農(台湾) 芝草宇宙
0%
2006 巨人 西武 黒田哲史
0%
2007 巨人 西武 三浦貴
0%
2008 阪神 興農(台湾) 正田樹
0%
2010 ソフトバンク 西武 荒川雄太
0%
2011 阪神 富山(独立) 杉山直久
0%
2011 中日 ヤクルト 木下達生
0%
2012 ヤクルト 引退 木下達生
0%
2012 楽天 巨人 中谷仁
0%
2013 ロッテ 引退 山室公志郎
0%
2013 DeNA 富山(独立) 安斉雄虎
0%
2013 DeNA ソフトバンク 細山田武史
0%
2014 オリックス 中日 八木智哉
0%
2014 巨人 ゴールドジム(社会人) 星野真澄
0%
2014 DeNA 楽天 藤江均
0%
2015 ロッテ 新日鐵住金東海REX(社会人) 矢地健人
0%
2015 ロッテ 武蔵(独立) 中後悠平
0%
2017 巨人 深谷組(社会人) 髙野洸
0%
2017 巨人 日本ハム 實松一成
0%
2018 ソフトバンク 引退 城所龍磨
0%
2018 ヤクルト 引退 古野正人
0%
2018 福井(独立)(NPB最終:オリックス) 福井(独立) 塚田貴之
0%
2019 中日 引退 友永翔太
0%
2020 楽天 茨城(独立) 濱矢廣大
0%
2020 ソフトバンク オリックス 田城飛翔
0%
2021 楽天 中信(台湾) 牧田和久
0%
2021 中信(台湾)(NPB最終:阪神) 栃木(独立) 高野圭佑
0%
2023 堺(独立)(NPB最終:日本ハム) 引退 高山優希
0%
No matching quizzes found
Score Distribution
Percent of People with Each Score
Percentile by Number Answered
Your Score History
You have not taken this quiz